Philosophical hermeneutics

Αποθηκεύτηκε σε:
Λεπτομέρειες βιβλιογραφικής εγγραφής
Κύριος συγγραφέας: Gadamer, Hans Georg 1900-2002
Άλλοι συγγραφείς: Linge, David E. (Μεταφραστής, Επιμελητής έκδοσης)
Μορφή: Βιβλίο
Γλώσσα:English
Δημοσίευση: Berkeley : University of California Press, 1977, c1976
Θέματα:
Ετικέτες: Προσθήκη ετικέτας
Δεν υπάρχουν, Καταχωρήστε ετικέτα πρώτοι!

MARC

LEADER 00000nam a2200000 i 4500
001 1/69653
008 050119s1977 eng d
020 |a 0-520-03475-9 
035 |l 10076007 
040 |a GR-MY-UA  |b gre  |e aacr 
041 0 |a eng 
082 0 |a 121  |2 (21) 
100 1 |a Gadamer, Hans Georg  |d 1900-2002. 
245 1 0 |a Philosophical hermeneutics /  |c Hans-Georg Gadamer ; translated and edited by David E. Linge 
260 |a Berkeley :   |b University of California Press,   |c 1977, c1976 
300 |a 1viii, 243 σ.;  |c 23 εκ. 
504 |a Περιέχει βιβλιογραφικές αναφορές και ευρετήριο 
600 1 0 |a Heidegger, Martin,   |d 1889-1976. 
600 1 0 |a Husserl, Edmund,   |d 1859-1938. 
650 0 0 |a Hermeneutics. 
650 0 0 |a Phenomenology. 
700 1 |a Linge, David E.  |4 trl  |4 edt 
852 |a INST  |b SAMOS  |e 20050119  |h 121 GAD  |p 005300022557  |q 005300022557  |t BK  |y 0 
901 |a BIBL3-2005-1 
909 |a Σ  |b 114135 
920 |a ΔΙΕΥΡΥΝΣΗ  |b ΕΠΕΑΕΚ-ΤΜΠΕΣ  |y ΣΑΜΟΣ  |z 2004-10 
970 |a ΚΟΣΙΕΡΗΣ  |b ΧΡΗΣΤΟΣ  |z 2005/01/19